[Event "RF-2023-0-00527"]
[Site "LSS email"]
[Date "2023.02.14"]
[Round "?"]
[White "Hickl, Norbert"]
[Black "Jurik, Jimmy"]
[Result "0-1"]
[WhiteElo "1072"]
[BlackElo "1133"]
[PlyCount "36"]
[EventDate "2022.09.23"]
[EventType "tourn (corr)"]
[EventRounds "6"]
[EventCountry "GER"]
[SourceTitle "Corr 2024"]
[Source "ChessBase"]
[SourceDate "2023.10.19"]
[SourceVersion "1"]
[SourceVersionDate "2023.10.19"]
[SourceQuality "1"]

1. c4 c6 2. g3 d5 3. b3 Bf5 4. Bg2 Nf6 5. Bb2 e6 6. d3 Bc5 7. e4 dxe4 8. dxe4 Qxd1+ 9. Kxd1 Bxe4 10. Bxe4 Nxe4 11. Nh3 f6 12. f3 Nd6 13. Nc3 Nd7 14. Re1 Kf7 15. Na4 Bb4 16. Bc3 Ba3 17. Nf4 b5 18. Nb2 b4 0-1

[Event "RF-2023-0-00527"]
[Site "LSS email"]
[Date "2023.01.28"]
[Round "?"]
[White "Hickl, Norbert"]
[Black "Pehl, Ferenc"]
[Result "1-0"]
[WhiteElo "1072"]
[BlackElo "1079"]
[PlyCount "45"]
[EventDate "2022.09.23"]
[EventType "tourn (corr)"]
[EventRounds "6"]
[EventCountry "GER"]
[SourceTitle "Corr 2024"]
[Source "ChessBase"]
[SourceDate "2023.10.19"]
[SourceVersion "1"]
[SourceVersionDate "2023.10.19"]
[SourceQuality "1"]

1. c4 e5 2. g3 d5 3. cxd5 Qxd5 4. Nf3 e4 5. Nc3 Qc6 6. Nd4 Qd7 7. Qa4 Qxa4 8. Nxa4 a6 9. Bg2 Nf6 10. Nc3 Bd6 11. Nxe4 Nxe4 12. Bxe4 0-0 13. 0-0 Re8 14. Bg2 c5 15. Nb3 Rxe2 16. d4 cxd4 17. Nxd4 Re8 18. Bd2 Nd7 19. Rfe1 Rxe1+ 20. Rxe1 Kf8 21. Nf5 Be5 22. b3 Bf6 23. Bb4+ 1-0

[Event "LSS SF-2022-0-00528"]
[Site "LSS email"]
[Date "2022.12.17"]
[Round "?"]
[White "Hickl, Norbert"]
[Black "Pehl, Ferenc"]
[Result "1-0"]
[WhiteElo "1013"]
[BlackElo "1078"]
[PlyCount "71"]
[EventDate "2022.08.31"]
[EventType "tourn (corr)"]
[EventRounds "6"]
[EventCountry "GER"]
[SourceTitle "Corr 2024"]
[Source "ChessBase"]
[SourceDate "2023.10.19"]
[SourceVersion "1"]
[SourceVersionDate "2023.10.19"]
[SourceQuality "1"]

1. c4 e5 2. g3 d5 3. cxd5 Qxd5 4. Nf3 e4 5. Nc3 Qe6 6. Ng5 Qe5 7. Ngxe4 Bb4 8. d4 Bxc3+ 9. Nxc3 Qe7 10. Bg2 c6 11. 0-0 Nf6 12. h3 0-0 13. e4 h6 14. e5 Nh7 15. f4 Rd8 16. f5 Nd7 17. f6 Ndxf6 18. exf6 Nxf6 19. Bf4 Be6 20. Qd2 Qd7 21. Kh2 Nd5 22. Nxd5 Bxd5 23. Rae1 Bxg2 24. Qxg2 Qxd4 25. Re7 Qf6 26. Qe2 Qg6 27. Rxb7 Re8 28. Qf2 f6 29. Rxa7 Rxa7 30. Qxa7 Re2+ 31. Rf2 Qc2 32. Be3 Qxb2 33. a4 Kh7 34. Qc5 Qa2 35. a5 Rb2 36. Rxb2 1-0

[Event "LSS SF-2022-0-00527"]
[Site "LSS email"]
[Date "2022.11.15"]
[Round "?"]
[White "Hickl, Norbert"]
[Black "Plummer, Martin"]
[Result "1-0"]
[WhiteElo "1071"]
[BlackElo "1195"]
[PlyCount "37"]
[EventDate "2022.07.12"]
[EventType "tourn (corr)"]
[EventRounds "6"]
[EventCountry "GER"]
[SourceTitle "Corr 2024"]
[Source "ChessBase"]
[SourceDate "2023.10.19"]
[SourceVersion "1"]
[SourceVersionDate "2023.10.19"]
[SourceQuality "1"]

1. c4 g6 2. g3 Bg7 3. Bg2 e6 4. e3 Ne7 5. Ne2 d5 6. d4 dxc4 7. Qa4+ c6 8. Qxc4 0-0 9. 0-0 Nd7 10. Nbc3 Nb6 11. Qd3 c5 12. b3 Nf5 13. Ba3 Re8 14. Bxc5 a6 15. Bxb6 Qxb6 16. Na4 Qd6 17. Rac1 Rb8 18. Rfd1 b6 19. Rc6 1-0

[Event "LSS SF-2022-0-00527"]
[Site "LSS email"]
[Date "2022.11.15"]
[Round "?"]
[White "Rees, Owen"]
[Black "Hickl, Norbert"]
[Result "0-1"]
[WhiteElo "1199"]
[BlackElo "1071"]
[PlyCount "48"]
[EventDate "2022.07.12"]
[EventType "tourn (corr)"]
[EventRounds "6"]
[EventCountry "GER"]
[SourceTitle "Corr 2024"]
[Source "ChessBase"]
[SourceDate "2023.10.19"]
[SourceVersion "1"]
[SourceVersionDate "2023.10.19"]
[SourceQuality "1"]

1. e4 e6 2. d4 d5 3. Nc3 Nf6 4. Bg5 Bb4 5. e5 h6 6. Bc1 Nfd7 7. Qg4 g5 8. h4 Rg8 9. hxg5 hxg5 10. Nf3 Nc6 11. Bxg5 Be7 12. Bxe7 Nxe7 13. Qf4 Ng6 14. Qg3 Qe7 15. Bd3 Ndf8 16. Nh2 Bd7 17. Ng4 0-0-0 18. Nf6 Rh8 19. Rxh8 Nxh8 20. 0-0-0 Nfg6 21. f4 Qf8 22. Rh1 Ne7 23. a3 Nhg6 24. Rh7 Ng8 0-1

[Event "RF-2022-0-00525"]
[Site "LSS email"]
[Date "2022.11.11"]
[Round "?"]
[White "Gnuva, Luca"]
[Black "Hickl, Norbert"]
[Result "0-1"]
[WhiteElo "1162"]
[BlackElo "1071"]
[PlyCount "76"]
[EventDate "2022.09.09"]
[EventType "tourn (corr)"]
[EventRounds "6"]
[EventCountry "GER"]
[SourceTitle "Corr 2024"]
[Source "ChessBase"]
[SourceDate "2023.10.19"]
[SourceVersion "1"]
[SourceVersionDate "2023.10.19"]
[SourceQuality "1"]

1. e4 e6 2. d4 d5 3. e5 c5 4. c3 Ne7 5. Nf3 Nec6 6. a3 Qb6 7. Be2 c4 8. 0-0 Na5 9. Nbd2 Bd7 10. Rb1 Nbc6 11. b4 cxb3 12. Nxb3 Nc4 13. Bxc4 dxc4 14. Nbd2 Qa6 15. Ra1 Na5 16. Re1 Bc6 17. Re3 Be7 18. h3 Bd5 19. Bb2 0-0-0 20. g3 f5 21. exf6 gxf6 22. Nh4 Qc6 23. Kh2 Rdf8 24. Qe2 Rhg8 25. Re1 f5 26. Nhf3 f4 27. Re5 Bxf3 28. Nxf3 fxg3+ 29. fxg3 Qxf3 30. Qxf3 Rxf3 31. Rxa5 Bd6 32. Re2 Rgxg3 33. h4 Rg4+ 34. Rae5 Bxe5+ 35. Rxe5 Rf2+ 36. Kh3 Rfg2 37. Re3 Rg8 38. Bc1 Rg1 0-1

[Event "LSS SF-2022-0-00527"]
[Site "LSS email"]
[Date "2022.11.09"]
[Round "?"]
[White "Hickl, Norbert"]
[Black "Pehl, Ferenc"]
[Result "0-1"]
[WhiteElo "1071"]
[BlackElo "1082"]
[PlyCount "24"]
[EventDate "2022.07.12"]
[EventType "tourn (corr)"]
[EventRounds "6"]
[EventCountry "GER"]
[SourceTitle "Corr 2024"]
[Source "ChessBase"]
[SourceDate "2023.10.19"]
[SourceVersion "1"]
[SourceVersionDate "2023.10.19"]
[SourceQuality "1"]

1. c4 c5 2. g3 d6 3. Bg2 Qb6 4. Nc3 Nf6 5. d3 Bd7 6. Nf3 e5 7. Be3 Bc6 8. 0-0 h6 9. a3 Qxb2 10. Na4 Bxa4 11. Qxa4+ b5 12. Nxe5 bxa4 0-1

[Event "RF-2022-0-00525"]
[Site "LSS email"]
[Date "2022.11.09"]
[Round "?"]
[White "Hickl, Norbert"]
[Black "Pehl, Ferenc"]
[Result "0-1"]
[WhiteElo "1071"]
[BlackElo "1082"]
[PlyCount "56"]
[EventDate "2022.09.09"]
[EventType "tourn (corr)"]
[EventRounds "6"]
[EventCountry "GER"]
[SourceTitle "Corr 2024"]
[Source "ChessBase"]
[SourceDate "2023.10.19"]
[SourceVersion "1"]
[SourceVersionDate "2023.10.19"]
[SourceQuality "1"]

1. c4 e5 2. g3 c5 3. Bg2 d6 4. e3 Nf6 5. Ne2 Qc7 6. 0-0 Nc6 7. a3 a5 8. Nbc3 Na7 9. Rb1 Rb8 10. b4 axb4 11. axb4 b6 12. d4 exd4 13. exd4 Be7 14. Nf4 0-0 15. Nfd5 Nxd5 16. Nxd5 Qd8 17. bxc5 dxc5 18. Nxe7+ Qxe7 19. dxc5 Qxc5 20. Bf4 Bf5 21. Ra1 Rbd8 22. Qa4 Nc8 23. Be3 Qc7 24. Rab1 Bxb1 25. Rxb1 Rfe8 26. Bh3 Rxe3 27. fxe3 Qc5 28. Bxc8 Qxe3+ 0-1

[Event "RF-2022-0-00526"]
[Site "LSS email"]
[Date "2022.11.09"]
[Round "?"]
[White "Hickl, Norbert"]
[Black "Pehl, Ferenc"]
[Result "1/2-1/2"]
[WhiteElo "1070"]
[BlackElo "1082"]
[PlyCount "38"]
[EventDate "2022.09.16"]
[EventType "tourn (corr)"]
[EventRounds "6"]
[EventCountry "GER"]
[SourceTitle "Corr 2024"]
[Source "ChessBase"]
[SourceDate "2023.10.19"]
[SourceVersion "1"]
[SourceVersionDate "2023.10.19"]
[SourceQuality "1"]

1. c4 d5 2. cxd5 Qxd5 3. Nc3 Qd8 4. g3 e5 5. Bg2 c6 6. Nf3 Bd6 7. 0-0 Nf6 8. d4 exd4 9. Nxd4 0-0 10. Bg5 Be7 11. e4 Na6 12. h3 Re8 13. Nf5 Bxf5 14. exf5 Qxd1 15. Raxd1 Rad8 16. Rfe1 Kf8 17. Bxf6 Bxf6 18. Rxe8+ Rxe8 19. Rd7 Re7 1/2-1/2

[Event "RF-2022-0-00526"]
[Site "LSS email"]
[Date "2022.11.07"]
[Round "?"]
[White "Zmolil, Karel"]
[Black "Hickl, Norbert"]
[Result "1/2-1/2"]
[WhiteElo "1012"]
[BlackElo "1070"]
[PlyCount "47"]
[EventDate "2022.09.16"]
[EventType "tourn (corr)"]
[EventRounds "6"]
[EventCountry "GER"]
[SourceTitle "Corr 2024"]
[Source "ChessBase"]
[SourceDate "2023.10.19"]
[SourceVersion "1"]
[SourceVersionDate "2023.10.19"]
[SourceQuality "1"]

1. e4 e6 2. d4 d5 3. exd5 exd5 4. Bd3 Nf6 5. Bg5 Be7 6. h3 h6 7. Bh4 Be6 8. Nf3 Nc6 9. c3 0-0 10. 0-0 Re8 11. Bc2 Nh5 12. Bxe7 Nxe7 13. Ne5 Nf6 14. Re1 Nd7 15. Qd3 Bf5 16. Qd2 Bxc2 17. Qxc2 Nf8 18. Qd2 Neg6 19. Nxg6 Nxg6 20. Na3 c6 21. Rxe8+ Qxe8 22. Re1 Qd7 23. Nc2 Re8 24. Rxe8+ 1/2-1/2

[Event "RF-2022-0-00525"]
[Site "LSS email"]
[Date "2022.10.29"]
[Round "?"]
[White "Hickl, Norbert"]
[Black "Cordes, Michael"]
[Result "0-1"]
[WhiteElo "1071"]
[BlackElo "1062"]
[PlyCount "56"]
[EventDate "2022.09.09"]
[EventType "tourn (corr)"]
[EventRounds "6"]
[EventCountry "GER"]
[SourceTitle "Corr 2024"]
[Source "ChessBase"]
[SourceDate "2023.10.19"]
[SourceVersion "1"]
[SourceVersionDate "2023.10.19"]
[SourceQuality "1"]

1. c4 c6 2. g3 e6 3. Bg2 d5 4. b3 dxc4 5. bxc4 Qd4 6. Nc3 Qxc4 7. Nf3 Be7 8. 0-0 Nf6 9. Qc2 0-0 10. d3 Qa6 11. Rb1 h6 12. Be3 Nbd7 13. Rb3 b5 14. Rfb1 Rd8 15. Nd4 Bb7 16. h3 Rac8 17. a4 b4 18. Na2 c5 19. Bxb7 Qxb7 20. Nf3 Nd5 21. Bd2 a5 22. Be1 N5b6 23. R3b2 Bf6 24. Qb3 c4 25. dxc4 Nc5 26. Qc2 Bxb2 27. Qxb2 Nxc4 28. Qa1 Qe4 0-1

[Event "RF-2022-0-00524"]
[Site "LSS email"]
[Date "2022.10.09"]
[Round "?"]
[White "Zmolil, Karel"]
[Black "Hickl, Norbert"]
[Result "1-0"]
[WhiteElo "1036"]
[BlackElo "1108"]
[PlyCount "39"]
[EventDate "2022.08.29"]
[EventType "tourn (corr)"]
[EventRounds "6"]
[EventCountry "GER"]
[SourceTitle "Corr 2024"]
[Source "ChessBase"]
[SourceDate "2023.10.19"]
[SourceVersion "1"]
[SourceVersionDate "2023.10.19"]
[SourceQuality "1"]

1. e4 e6 2. d4 d5 3. exd5 exd5 4. Bd3 Nf6 5. Bg5 Be7 6. c3 Bg4 7. f3 Be6 8. Qc2 Nbd7 9. Nd2 h6 10. Bh4 c5 11. dxc5 Bxc5 12. Ne2 0-0 13. Nb3 Be3 14. Nbd4 Ne5 15. Bh7+ Kh8 16. f4 Neg4 17. Nxe6 fxe6 18. Bg6 Qa5 19. h3 Nf2 20. Bxf2 1-0

[Event "RF-2022-0-00524"]
[Site "LSS email"]
[Date "2022.10.04"]
[Round "?"]
[White "Cordes, Michael"]
[Black "Hickl, Norbert"]
[Result "1-0"]
[WhiteElo "1062"]
[BlackElo "1108"]
[PlyCount "25"]
[EventDate "2022.08.29"]
[EventType "tourn (corr)"]
[EventRounds "6"]
[EventCountry "GER"]
[SourceTitle "Corr 2024"]
[Source "ChessBase"]
[SourceDate "2023.10.19"]
[SourceVersion "1"]
[SourceVersionDate "2023.10.19"]
[SourceQuality "1"]

1. d4 e6 2. c4 Nf6 3. Nf3 Bb4+ 4. Bd2 c5 5. Bxb4 cxb4 6. a3 Qa5 7. Nbd2 d5 8. e3 dxc4 9. Nxc4 Qc7 10. axb4 Nc6 11. b5 Ne7 12. b6 Qc6 13. Nfe5 1-0

[Event "RF-2022-0-00523"]
[Site "LSS email"]
[Date "2022.09.17"]
[Round "?"]
[White "Rocek, Vladimir"]
[Black "Hickl, Norbert"]
[Result "1-0"]
[WhiteElo "1074"]
[BlackElo "1127"]
[PlyCount "21"]
[EventDate "2022.05.24"]
[EventType "tourn (corr)"]
[EventRounds "6"]
[EventCountry "GER"]
[SourceTitle "Corr 2024"]
[Source "ChessBase"]
[SourceDate "2023.10.19"]
[SourceVersion "1"]
[SourceVersionDate "2023.10.19"]
[SourceQuality "1"]

1. e4 e6 2. d4 d5 3. e5 c5 4. c3 Ne7 5. Bd3 Nec6 6. Nf3 Nd7 7. a3 c4 8. Bc2 Na5 9. Ng5 h6 10. Qh5 g6 11. Bxg6 1-0

[Event "RF-2022-0-00523"]
[Site "LSS email"]
[Date "2022.09.10"]
[Round "?"]
[White "Hickl, Norbert"]
[Black "Pehl, Ferenc"]
[Result "1/2-1/2"]
[WhiteElo "1127"]
[BlackElo "1193"]
[PlyCount "69"]
[EventDate "2022.05.24"]
[EventType "tourn (corr)"]
[EventRounds "6"]
[EventCountry "GER"]
[SourceTitle "Corr 2024"]
[Source "ChessBase"]
[SourceDate "2023.10.19"]
[SourceVersion "1"]
[SourceVersionDate "2023.10.19"]
[SourceQuality "1"]

1. c4 c5 2. g3 e5 3. Bg2 d6 4. Nc3 Nf6 5. d3 Nc6 6. Bg5 Be7 7. Nf3 h6 8. Bd2 a6 9. 0-0 Bg4 10. h3 Bxf3 11. Bxf3 Qc7 12. Bg2 Rb8 13. e3 0-0 14. f4 exf4 15. exf4 b5 16. Qf3 Nd4 17. Qf2 Rfe8 18. Nd5 Nxd5 19. Bxd5 Bf6 20. Rae1 Qd7 21. Kh2 b4 22. b3 Rxe1 23. Rxe1 Re8 24. Rxe8+ Qxe8 25. g4 Qe2 26. Qxe2 Nxe2 27. Bf3 Nc3 28. Bxc3 Bxc3 29. Bb7 a5 30. f5 Kf8 31. Kg3 Be5+ 32. Kf3 Ke7 33. Ke4 Kf6 34. Bd5 Bd4 35. Kf4 1/2-1/2

[Event "RF-2022-0-00522"]
[Site "LSS email"]
[Date "2022.09.08"]
[Round "?"]
[White "Hickl, Norbert"]
[Black "Shim Ng Min, Francis"]
[Result "1/2-1/2"]
[WhiteElo "1110"]
[BlackElo "993"]
[PlyCount "84"]
[EventDate "2022.03.06"]
[EventType "tourn (corr)"]
[EventRounds "6"]
[EventCountry "GER"]
[SourceTitle "Corr 2024"]
[Source "ChessBase"]
[SourceDate "2023.10.19"]
[SourceVersion "1"]
[SourceVersionDate "2023.10.19"]
[SourceQuality "1"]

1. c4 Nf6 2. g3 c5 3. Bg2 e5 4. Nc3 Be7 5. d3 d6 6. Nf3 0-0 7. 0-0 Nc6 8. h3 Rb8 9. e4 Nd4 10. Nxd4 exd4 11. Ne2 b5 12. cxb5 Rxb5 13. Bd2 Bd7 14. b3 Qc8 15. Bg5 h6 16. Bd2 Bxh3 17. Nf4 Bxg2 18. Kxg2 Nd7 19. Nd5 Bd8 20. Bf4 Qb8 21. Rh1 Nf6 22. Nxf6+ Bxf6 23. Qg4 Qc8 24. Qxc8 Rxc8 25. Bxd6 Rc6 26. Bf4 Be7 27. Rh5 Ra6 28. Rhh1 f6 29. g4 Bd6 30. Bxd6 Rxd6 31. f4 a5 32. Rac1 Ra6 33. Rc4 a4 34. bxa4 Rb2+ 35. Kf3 Rxa2 36. Rxc5 R6xa4 37. Rhc1 Rd2 38. g5 hxg5 39. fxg5 fxg5 40. Rxg5 Rxd3+ 41. Kf4 Rc3 42. Rxc3 dxc3 1/2-1/2

[Event "RF-2022-0-00521"]
[Site "LSS email"]
[Date "2022.09.03"]
[Round "?"]
[White "Wilshusen, Horst"]
[Black "Hickl, Norbert"]
[Result "0-1"]
[WhiteElo "1053"]
[BlackElo "1103"]
[PlyCount "62"]
[EventDate "2022.01.14"]
[EventType "tourn (corr)"]
[EventRounds "6"]
[EventCountry "GER"]
[SourceTitle "Corr 2024"]
[Source "ChessBase"]
[SourceDate "2023.10.19"]
[SourceVersion "1"]
[SourceVersionDate "2023.10.19"]
[SourceQuality "1"]

1. b4 e5 2. Bb2 Bxb4 3. Bxe5 Nf6 4. Nf3 0-0 5. a3 Ba5 6. e3 d6 7. Bc3 Nc6 8. Bxa5 Nxa5 9. Be2 Be6 10. Nc3 c5 11. 0-0 a6 12. d3 b5 13. Qd2 c4 14. Nd4 cxd3 15. cxd3 Rc8 16. Qb2 Nd5 17. Nxe6 fxe6 18. Nxd5 exd5 19. Bf3 Rc5 20. Rac1 Qc7 21. Bxd5+ Kh8 22. e4 Rc8 23. Rxc5 Qxc5 24. Qd2 Qxa3 25. g3 Nb3 26. Qf4 Qc5 27. Qf5 Nd4 28. Qf7 Qc7 29. Qxc7 Rxc7 30. Ra1 Ra7 31. Rc1 Ne2+ 0-1

[Event "RF-2022-0-00521"]
[Site "LSS email"]
[Date "2022.08.28"]
[Round "?"]
[White "Hickl, Norbert"]
[Black "Cordes, Michael"]
[Result "0-1"]
[WhiteElo "1103"]
[BlackElo "1006"]
[PlyCount "46"]
[EventDate "2022.01.14"]
[EventType "tourn (corr)"]
[EventRounds "6"]
[EventCountry "GER"]
[SourceTitle "Corr 2024"]
[Source "ChessBase"]
[SourceDate "2023.10.19"]
[SourceVersion "1"]
[SourceVersionDate "2023.10.19"]
[SourceQuality "1"]

1. c4 d5 2. cxd5 Qxd5 3. Nc3 Qa5 4. g3 e5 5. Bg2 Be7 6. d3 Nf6 7. Qb3 0-0 8. Bd2 Qb6 9. Qxb6 cxb6 10. Nb5 Nc6 11. Nf3 Bf5 12. 0-0 Rac8 13. Bc3 Nd7 14. e4 Bg4 15. h3 Bxf3 16. Bxf3 a6 17. Na3 Bxa3 18. bxa3 Nc5 19. Rfd1 Rfd8 20. Rab1 Na4 21. Ba1 Nd4 22. Bg2 Nc3 23. Bxc3 Ne2+ 0-1

[Event "RF-2022-0-00521"]
[Site "LSS email"]
[Date "2022.08.14"]
[Round "?"]
[White "Shim Ng Min, Francis"]
[Black "Hickl, Norbert"]
[Result "1-0"]
[WhiteElo "1015"]
[BlackElo "1103"]
[PlyCount "65"]
[EventDate "2022.01.14"]
[EventType "tourn (corr)"]
[EventRounds "6"]
[EventCountry "GER"]
[SourceTitle "Corr 2024"]
[Source "ChessBase"]
[SourceDate "2023.10.19"]
[SourceVersion "1"]
[SourceVersionDate "2023.10.19"]
[SourceQuality "1"]

1. e4 e6 2. d4 d5 3. Nc3 Nf6 4. Bg5 Be7 5. e5 Nfd7 6. h4 Bxg5 7. hxg5 Qxg5 8. Nh3 Qh4 9. g3 Qe7 10. Qg4 f6 11. exf6 Nxf6 12. Qh4 Bd7 13. Bg2 Nc6 14. 0-0-0 0-0-0 15. Rhe1 Qf7 16. Ng5 Qg8 17. Bh3 h6 18. Nxe6 Re8 19. Nc5 Bxh3 20. Qxh3+ Kb8 21. Nd7+ Nxd7 22. Qxd7 Rxe1 23. Rxe1 Nxd4 24. Nxd5 Qd8 25. Qxg7 Qg5+ 26. Qxg5 hxg5 27. Nf6 b6 28. Re8+ Rxe8 29. Nxe8 Kc8 30. c3 Nf5 31. Nf6 Nd6 32. f3 Kd8 33. Ne4 1-0

[Event "RF-2022-0-00520"]
[Site "LSS email"]
[Date "2022.08.08"]
[Round "?"]
[White "Wilshusen, Horst"]
[Black "Hickl, Norbert"]
[Result "0-1"]
[WhiteElo "1067"]
[BlackElo "1054"]
[PlyCount "70"]
[EventDate "2021.09.22"]
[EventType "tourn (corr)"]
[EventRounds "6"]
[EventCountry "GER"]
[SourceTitle "Corr 2024"]
[Source "ChessBase"]
[SourceDate "2023.10.19"]
[SourceVersion "1"]
[SourceVersionDate "2023.10.19"]
[SourceQuality "1"]

1. c4 Nf6 2. Nc3 e6 3. g3 d5 4. cxd5 exd5 5. d4 Be6 6. Qb3 Qc8 7. Bg2 c6 8. Bg5 Be7 9. Rc1 Nbd7 10. Na4 0-0 11. Nf3 h6 12. Be3 b6 13. 0-0 Qb7 14. Ne1 Rac8 15. Nd3 Ne4 16. f3 Nd6 17. Qc2 Nc4 18. Bf2 c5 19. b3 Na3 20. Qb2 c4 21. Nf4 b5 22. Nc3 b4 23. Na4 c3 24. Qa1 Nb6 25. Nxe6 fxe6 26. Nxb6 Qxb6 27. e4 Bf6 28. e5 Be7 29. Be3 c2 30. Rf2 Rc3 31. Re1 Rfc8 32. Qc1 Rxe3 33. Qxe3 Rc3 34. Qc1 Qxd4 35. Kf1 Bc5 0-1

[Event "RF-2022-0-00520"]
[Site "LSS email"]
[Date "2022.08.05"]
[Round "?"]
[White "Rocek, Vladimir"]
[Black "Hickl, Norbert"]
[Result "1-0"]
[WhiteElo "1041"]
[BlackElo "1054"]
[PlyCount "45"]
[EventDate "2021.09.22"]
[EventType "tourn (corr)"]
[EventRounds "6"]
[EventCountry "GER"]
[SourceTitle "Corr 2024"]
[Source "ChessBase"]
[SourceDate "2023.10.19"]
[SourceVersion "1"]
[SourceVersionDate "2023.10.19"]
[SourceQuality "1"]

1. e4 e6 2. d4 d5 3. e5 c5 4. c3 Nc6 5. Nf3 Bd7 6. a3 Qb6 7. Be2 Nge7 8. b4 cxd4 9. cxd4 Nf5 10. Be3 Be7 11. Nc3 Rc8 12. Na4 Qd8 13. Nc5 Nxe3 14. fxe3 0-0 15. Nxb7 Qc7 16. Nc5 Bxc5 17. bxc5 f6 18. exf6 Rxf6 19. 0-0 e5 20. Rc1 Rb8 21. dxe5 Nxe5 22. Qxd5+ Nf7 23. Nd4 1-0

[Event "RF-2022-0-00520"]
[Site "LSS email"]
[Date "2022.06.22"]
[Round "?"]
[White "Hickl, Norbert"]
[Black "Shim Ng Min, Francis"]
[Result "1-0"]
[WhiteElo "1054"]
[BlackElo "1002"]
[PlyCount "63"]
[EventDate "2021.09.22"]
[EventType "tourn (corr)"]
[EventRounds "6"]
[EventCountry "GER"]
[SourceTitle "Corr 2024"]
[Source "ChessBase"]
[SourceDate "2023.10.19"]
[SourceVersion "1"]
[SourceVersionDate "2023.10.19"]
[SourceQuality "1"]

1. c4 Nf6 2. g3 c5 3. Bg2 e5 4. Nc3 d6 5. e3 Be7 6. Nge2 Nc6 7. 0-0 0-0 8. a3 Rb8 9. Rb1 Qd7 10. b4 cxb4 11. axb4 b6 12. b5 Na5 13. d4 Nxc4 14. Qd3 Na5 15. Ba3 exd4 16. Nxd4 Bb7 17. Qf5 Nc4 18. Qxd7 Nxd7 19. Bb4 Nd2 20. Bxb7 Rxb7 21. Nd5 Nxf1 22. Nxe7+ Kh8 23. Rxf1 Nc5 24. Nd5 Nd3 25. Kg2 Nxb4 26. Nxb4 Rc7 27. Nbc6 Rfc8 28. Ra1 Ra8 29. Nf5 Rd7 30. Nfe7 f6 31. Nd5 h6 32. Nxb6 1-0

[Event "LSS SF-2022-0-00523"]
[Site "LSS email"]
[Date "2022.06.15"]
[Round "?"]
[White "Shim Ng Min, Francis"]
[Black "Hickl, Norbert"]
[Result "0-1"]
[WhiteElo "1006"]
[BlackElo "1103"]
[PlyCount "35"]
[EventDate "2022.03.24"]
[EventType "tourn (corr)"]
[EventRounds "6"]
[EventCountry "GER"]
[SourceTitle "Corr 2024"]
[Source "ChessBase"]
[SourceDate "2023.10.19"]
[SourceVersion "1"]
[SourceVersionDate "2023.10.19"]
[SourceQuality "1"]

1. e4 e6 2. d4 d5 3. Nc3 Nf6 4. Bg5 Bb4 5. e5 h6 6. Bd2 Bxc3 7. bxc3 Ne4 8. Qg4 Nxd2 9. Kxd2 Qg5+ 10. Qxg5 hxg5 11. g4 Nd7 12. Nh3 f6 13. exf6 gxf6 14. Bg2 b6 15. f4 Rh4 16. fxg5 Rxg4 17. Bf3 Rh4 18. gxf6 0-1

[Event "LSS SF-2022-0-00521"]
[Site "LSS email"]
[Date "2022.04.06"]
[Round "?"]
[White "Hickl, Norbert"]
[Black "Wilshusen, Horst"]
[Result "1-0"]
[WhiteElo "1067"]
[BlackElo "1054"]
[PlyCount "69"]
[EventDate "2022.02.09"]
[EventType "tourn (corr)"]
[EventRounds "6"]
[EventCountry "GER"]
[SourceTitle "Corr 2024"]
[Source "ChessBase"]
[SourceDate "2023.10.19"]
[SourceVersion "1"]
[SourceVersionDate "2023.10.19"]
[SourceQuality "1"]

1. c4 e5 2. g3 Nf6 3. Bg2 Nc6 4. Nc3 d6 5. e3 g6 6. Nge2 Bg7 7. 0-0 0-0 8. h3 Ne7 9. d4 c6 10. Bd2 Be6 11. dxe5 dxe5 12. b3 Nd7 13. Rc1 f5 14. f4 e4 15. Nd4 Bf7 16. Nce2 Kh8 17. Bc3 Ng8 18. Rc2 Qe7 19. Qd2 Rfd8 20. Ba5 Rdc8 21. Rd1 Nf8 22. g4 b6 23. gxf5 bxa5 24. Qxa5 c5 25. fxg6 Nxg6 26. Nf5 Qe8 27. Neg3 Rc6 28. Bxe4 Rcc8 29. Bxa8 Rxa8 30. Nxg7 Kxg7 31. Nf5+ Kf6 32. Qxc5 Rd8 33. Nd6 Qe7 34. Qd4+ Ke6 35. f5+ 1-0

[Event "LSS SF-2022-0-00521"]
[Site "LSS email"]
[Date "2022.03.28"]
[Round "?"]
[White "Hickl, Norbert"]
[Black "Pehl, Ferenc"]
[Result "0-1"]
[WhiteElo "1067"]
[BlackElo "1167"]
[PlyCount "42"]
[EventDate "2022.02.09"]
[EventType "tourn (corr)"]
[EventRounds "6"]
[EventCountry "GER"]
[SourceTitle "Corr 2024"]
[Source "ChessBase"]
[SourceDate "2023.10.19"]
[SourceVersion "1"]
[SourceVersionDate "2023.10.19"]
[SourceQuality "1"]

1. c4 c5 2. g3 d6 3. Bg2 Qb6 4. Nc3 e6 5. Nf3 h6 6. 0-0 Nf6 7. Rb1 Qa6 8. Qb3 Nc6 9. d3 Be7 10. e4 0-0 11. Bf4 Rd8 12. Nb5 Qb6 13. Qc2 a6 14. Nc3 e5 15. Bd2 Nd4 16. Nxd4 cxd4 17. Rfc1 dxc3 18. Bxc3 Be6 19. a4 Rac8 20. a5 Qc7 21. b4 Bd7 0-1

[Event "LSS SF-2022-0-00520"]
[Site "LSS email"]
[Date "2022.03.18"]
[Round "?"]
[White "Hickl, Norbert"]
[Black "Raines, David"]
[Result "0-1"]
[WhiteElo "1054"]
[BlackElo "1174"]
[PlyCount "42"]
[EventDate "2022.01.30"]
[EventType "tourn (corr)"]
[EventRounds "6"]
[EventCountry "GER"]
[SourceTitle "Corr 2024"]
[Source "ChessBase"]
[SourceDate "2023.10.19"]
[SourceVersion "1"]
[SourceVersionDate "2023.10.19"]
[SourceQuality "1"]

1. c4 Nf6 2. g3 c6 3. Bg2 d5 4. d4 dxc4 5. Nf3 e6 6. Bd2 b5 7. Nc3 Bb7 8. 0-0 Be7 9. Ne5 Qc7 10. Bf4 Bd6 11. b3 cxb3 12. axb3 a6 13. e4 0-0 14. Qc1 c5 15. Nd3 Bxf4 16. Nxf4 cxd4 17. Nxb5 Qxc1 18. Rfxc1 axb5 19. Rxa8 Bxa8 20. Rc5 Bc6 21. f3 Nfd7 0-1